000 00384nam a2200169Ia 4500
008 210210b1944 xxu||||| |||| 00| 0 eng d
041 _aeng
082 _a829/1235
100 _aWERFEL (F)
245 _aSong of bernadette
260 _aLondon
_bHamish Hamilton
_c1944
650 _aSong
650 _aof
650 _abernadette
690 _aEnglish Fiction
906 _a017846
999 _c137830
_d137830